Normal view
MARC view
- Biochemistry M.Phil-Thesis
Entry Topical Term
001 - CONTROL NUMBER
- control field: 30056
003 - CONTROL NUMBER IDENTIFIER
- control field: NUST
005 - DATE AND TIME OF LATEST TRANSACTION
- control field: 20200911123054.0
008 - FIXED-LENGTH DATA ELEMENTS
- fixed length control field: 200911|| aca||aabn | a|a d
040 ## - CATALOGING SOURCE
- Original cataloging agency: NUST
- Transcribing agency: NUST
150 ## - HEADING--TOPICAL TERM
- Topical term or geographic name entry element: Biochemistry M.Phil-Thesis
670 ## - SOURCE DATA FOUND
- Source citation: Work cat.: (NUST)535472: Batool, Tayyaba 16478, EXPRESSION ANALYSIS OF HDL RECEPTOR SR-B1 IN TYPE 2 DIABETIC PATIENTS WITH AND WITHOUT DYSLIPIDEMIA /, 2013.
